01455 2200421 4500001002100000005001500021035002000036007000300056040001700059100003000076245019700106250001200303300003400315020002200349041000800371082001200379084001800391090002300409264003400432336002100466337003000487338002300517650001500540700004300555700003700598700003900635700003600674700003200710700005100742700004900793850001000842008004100852500004800893990002300941990002300964990002300987990002301010INLIS00000000000838120260526111536 a0010-0922000870ta aSBPUPADbind0 aReid BramblettePengarang1 aEyewitness Travel Top 10 :bRoma /cReid Bramblett ;Pengarang-2,Jeffrey Kennedy ;Editor,Roy P Sitepu,Michael Tobing,Hadiyansyah,Raymond ;Penerjemah,Aria Perbancana Hidayat,Rara Tanjung Hidayat a.-Cet.1 a192 hlm :bilus ;c10 x 19 cm a978-979-075-051-707aInd a910.345 a910.345 BRA t a636.08 RYA m L19-8 a.--Jakarta :bErlangga,c2009 2rdacontentateks 2rdamediaatanpa perantara 2rdacarrieravolume 4aPariwisata aPengarang-2,Jeffrey KennedyePengarang a;Editor,Roy P Sitepu,ePengarang aEditor-2,Michael TobingePengarang aEditor-3,HadiyansyahePengarang aEditor-4,RaymondePengarang aPenerjemah,Aria Perbancana Hidayat,ePengarang aPenerjemah-2,Rara Tanjung HidayatePengarang aPUPAD260526 0  aIndeks,178-192 ;Tentang Penulis,hlm 188-189 a17233/BR/KAPD/2012 a17234/BR/KAPD/2012 a17236/BR/KAPD/2012 a17235/BR/KAPD/2012